| LEADER | 01162nam a2200337 4500 | ||
|---|---|---|---|
| 001 | 000008514 | ||
| 003 | 4704 | ||
| 005 | 20120314090327.0 | ||
| 008 | 111019s2002 viesd | ||
| 020 | |c 54000đ | ||
| 041 | 0 | |a vie | |
| 082 | |a 540 |b CU-N | ||
| 100 | 0 | |a N.E.Cuzmenco, V.V.Eremin | |
| 245 | 0 | |a 2400 bài tập hóa học |b (dùng cho học sinh THPT, học sinh dự thi Đại học và học sinh chuyên Hóa học) |c N.E.Cuzmenco, V.V.Eremin | |
| 260 | |a H. |b Khoa học và kỹ thuật |c 2002 | ||
| 300 | |a 642tr. |c 20 cm | ||
| 653 | |a Hóa học | ||
| 653 | |a Bài tập | ||
| 700 | |a Hoàng Nhuận |e Dịch | ||
| 700 | |a Hoàng Mai Hương |e Dịch | ||
| 700 | |a Hoàng Nhâm |e Hiệu đính | ||
| OWN | |a LSP | ||
| AVA | |a UDN50 |b LSP |d 540 CU-N |e available |t Error 5001 Not defined in file expand_doc_bib_avail. |f 4 |g 0 |h N |i 0 |k 1 | ||
| 999 | |a From the UDN01 | ||
| AVA | |a UDN50 |b LSP |d 540 CU-N |e available |t Error 5001 Not defined in file expand_doc_bib_avail. |f 4 |g 0 |h N |i 0 |k 1 | ||
| TYP | |a Monograph | ||
| TYP | |a Printed language | ||
| 980 | |a Mạng thư viện Đại học Đà Nẵng | ||